000 00887nam a2200265Ia 4500
003 OSt
005 20220923214756.0
006 a|||||r|||| 00| 0
007 ta
008 220922b |||||||| |||| 00| 0 hin d
024 _a172,619
037 _cTextual
040 _aARTS
_cARTS
_bhin
041 _2hin
_ahin
082 _aO152,3NKH,LP, K0;M5
100 _aखत्री, दुर्गाप्रसाद
245 0 _aलाल पंजा
246 _aLāl panjā
260 _aवाराणसी
_b लहरी प्रका0
_c1985
300 _a155पृ.
_ccm.
490 _aप्रचारक पाकेट बुक्स सं0; 8
650 _aहिन्दी साहित्य
_9156264
942 _hO152,3NKH,LP, K0;M5
_cTEXL
_2CC
999 _c326627
_d326627